Oceňovanie pohľadávok a záväzkov u podnikateľov účtujúcich v sústave podvojného účtovníctva od 1. 1. 2003

Objasnenie vecnej podstaty súčasnej - odúročenej hodnoty budúcich peńažných tokov, na ktorú sa upravuje hodnota určitých druhov majetku a záväzkov v čase ich účtovania a vykazovania.

Guardado en:
Detalles Bibliográficos
Autor principal: Juríková, Renáta
Otros Autores: Szász, Marek
Formato: Capítulo de libro
Lenguaje:eslovaco
Materias:
Etiquetas: Agregar Etiqueta
Sin Etiquetas, Sea el primero en etiquetar este registro!

MARC

LEADER 00000naa$a2200000$$$4500
001 0004875
005 20240502071348.6
041 0 |a slo 
044 |a SK 
245 1 0 |a Oceňovanie pohľadávok a záväzkov u podnikateľov účtujúcich v sústave podvojného účtovníctva od 1. 1. 2003  |c aut. Renáta Juríková, Marek Szász 
520 |a Objasnenie vecnej podstaty súčasnej - odúročenej hodnoty budúcich peńažných tokov, na ktorú sa upravuje hodnota určitých druhov majetku a záväzkov v čase ich účtovania a vykazovania. 
610 2 0 |a podnikatelia 
610 2 0 |a majetok 
610 2 0 |a záväzky 
610 2 0 |a oceňovanie 
610 2 0 |a účtovníctvo podvojné 
100 1 |a Juríková, Renáta 
700 1 |a Szász, Marek